| 000 | 00398nam a22001697a 4500 | ||
|---|---|---|---|
| 003 | SGT | ||
| 020 | _a978-93-5270-545-0 | ||
| 082 |
_a617 _bS19M |
||
| 100 | _aM,SRIRAM BHAT | ||
| 245 | _aSRB'S CLINICAL METHODS IN SURGERY | ||
| 250 | _a3RD | ||
| 260 |
_aNEW DELHI _bJAYPEE PUB _c2019 |
||
| 300 | _a810 | ||
| 650 | _aAYURVEDA | ||
| 653 | _a CLINICAL,CLINICALMETHODS, SURGERY | ||
| 942 |
_2ddc _cBK _06 |
||
| 999 |
_c16929 _d16929 |
||